ბათუმის შოთა რუსთაველის სახელმწიფო უნივერსიტეტის ბიბლიოთეკა

История Северной Африки: (ბიბ.ჩანაწერი № 60867)

000 -LEADER
fixed length control field 00798nam a22001577a 4500
005 - DATE AND TIME OF LATEST TRANSACTION
control field 20231113115240.0
008 - FIXED-LENGTH DATA ELEMENTS--GENERAL INFORMATION
fixed length control field 231113s1961 ru ||||| |||| 00| 0 rus d
041 ## - LANGUAGE CODE
Language code of text/sound track or separate title rus
080 ## - UNIVERSAL DECIMAL CLASSIFICATION NUMBER
Universal Decimal Classification number 94(6) Ж-87
100 ## - MAIN ENTRY--PERSONAL NAME
Personal name Жюльен, Ш.-Андре
9 (RLIN) 20348
245 ## - TITLE STATEMENT
Title История Северной Африки:
Remainder of title Тунис, Алжир, Марокко с древнейших времен до арабского завоевания (647 год)/
Statement of responsibility, etc. Ш.-Андре Жюльен.
264 ## - PRODUCTION, PUBLICATION, DISTRIBUTION, MANUFACTURE, AND COPYRIGHT NOTICE
Place of production, publication, distribution, manufacture Москва :
Name of producer, publisher, distributor, manufacturer Издательcтво иностранной литературы,
Date of production, publication, distribution, manufacture, or copyright notice 1961.
300 ## - PHYSICAL DESCRIPTION
Extent 428 стр. ;
Other physical details 21 см.
653 ## - INDEX TERM--UNCONTROLLED
keyword ჩრდილოეთ აფრიკის ისტორია: ტუნისი, ალჟირი, მაროკო
942 ## - ADDED ENTRY ELEMENTS (KOHA)
Source of classification or shelving scheme
Koha item type წიგნი
ეგზემპლარები
Withdrawn status Lost status Source of classification or shelving scheme Damaged status Not for loan Permanent Location Current Location Shelving location Date acquired Cost, normal purchase price Full call number Barcode Date last seen Copy number Uniform Resource Identifier Price effective from Koha item type Public note
          ბათუმის შოთა რუსთაველის სახელმწიფო უნივერსიტეტის მთავარი ბიბლიოთეკა ბათუმის შოთა რუსთაველის სახელმწიფო უნივერსიტეტის მთავარი ბიბლიოთეკა წიგნსაცავი 2023-11-13 6.00 94(6) Ж-87 65417 2023-11-13 65417 ბსუ-ს საპატიო დოქტორის გურამ ლორთქიფანიძის საჩუქარი 2023-11-13 წიგნი 6 ლ.